[Event "Preferente Grupo II"]
[Site ""]
[Date "2011.03.19"]
[Round "7.67"]
[White "Correas Marcen Jose Maria"]
[Black "Larrosa Poves Jose Manuel"]
[Result "1/2-1/2"]
[WhiteElo "1972"]
[BlackElo "2067"]

1.Nf3 Nf6 2.g3 g6 3.Bg2 Bg7 4.O-O O-O 5.c4 c5 6.d4 cxd4 7.Nxd4 Nc6 8.Nxc6 dxc6
9.Qc2 e5 10.Rd1 Qc7 11.Nc3 Bf5 12.e4 Bg4 13.f3 Be6 14.b3 Rfd8 15.Be3 b6 16.
Rac1 Rxd1+ 17.Rxd1 Rd8 18.Bf1 Rxd1 19.Qxd1 Qd7 20.Kf2 Qxd1 21.Nxd1 Nd7 22.Nb2
Bf8 23.Nd3 f6 24.Be2 Bd6 25.f4 Kg7 26.Bf3 Kf7 27.fxe5 Nxe5 28.Nxe5+ Bxe5 29.
Ke2 c5 30.Kd3 a5 31.Bd2 Ke7 32.Bc3 Kd7 33.a4 Ke7 34.Bd2 Kf7 1/2-1/2

[Event "Preferente Grupo II"]
[Site ""]
[Date "2011.03.19"]
[Round "7.68"]
[White "Martinez Crespo Juan"]
[Black "Gimeno Garcia David"]
[Result "1/2-1/2"]
[WhiteElo "1816"]
[BlackElo "1946"]

1.e4 c5 2.Nf3 d6 3.d4 cxd4 4.Nxd4 Nf6 5.f3 a6 6.c4 g6 7.Nc3 Bg7 8.Be3 Nbd7 9.
Qd2 h5 10.Be2 Nc5 11.b4 Ncd7 12.O-O Ne5 13.Rac1 h4 14.Nd5 Nxd5 15.cxd5 Bd7 16.
f4 Ng4 17.Bxg4 Bxg4 18.h3 Bd7 19.f5 gxf5 20.Nxf5 Bxf5 21.Rxf5 Qd7 22.Qf2 Bf6
23.Rxf6 exf6 24.Qxf6 Rg8 25.Qxh4 Rc8 26.Rxc8+ Qxc8 27.Qh7 Ke7 28.h4 Qe8 29.
Bg5+ Kd7 30.Qf5+ Kc7 31.a4 Qd7 32.Qf6 Re8 33.h5 Rxe4 34.h6 Re8 35.h7 Qxa4 36.
h8=Q Qd1+ 37.Kh2 Rxh8+ 38.Qxh8 Qxd5 39.Qd8+ Kc6 40.Qe8+ Kb6 41.Be3+ Kc7 42.
Qe7+ Kc6 43.Qe8+ Kc7 1/2-1/2

[Event "Preferente Grupo II"]
[Site ""]
[Date "2011.03.19"]
[Round "7.69"]
[White "Hinojar Basa Alfonso"]
[Black "Galvez Perez Jose Luis"]
[Result "0-1"]
[WhiteElo "2200"]
[BlackElo "1972"]

1.e4 c5 2.Nf3 g6 3.c3 Bg7 4.Bd3 Nc6 5.O-O d6 6.Bc2 Bg4 7.h3 Bxf3 8.Qxf3 Nf6 9.
d3 O-O 10.a4 Rb8 11.Na3 a6 12.Be3 Nd7 13.Qe2 b5 14.Qd2 b4 15.Nc4 bxc3 16.bxc3
Na5 17.Na3 Nb3 18.Bxb3 Rxb3 19.Rfc1 Qc7 20.d4 Rfb8 21.Qe2 Qc6 22.Qc4 Qxe4 23.
Qxa6 cxd4 24.cxd4 Bxd4 25.Bxd4 Qxd4 26.Nb5 Qb6 27.Rc8+ Rxc8 28.Qxc8+ Nf8 29.
Qc2 Rb4 30.Ra2 Qa5 31.Nc7 Rb8 32.Ra3 Qe1+ 33.Kh2 Qe5+ 34.g3 Rb2 35.Qc1 Rxf2+
36.Kg1 Qe2 0-1

[Event "Preferente Grupo II"]
[Site ""]
[Date "2011.03.19"]
[Round "7.70"]
[White "Lucea Valero Alejandro"]
[Black "Sebastian Bespin Ruben"]
[Result "1-0"]
[WhiteElo "1953"]
[BlackElo "2185"]

1.d4 e6 2.c4 d5 3.Nc3 Nf6 4.Bg5 Be7 5.Nf3 O-O 6.e3 b6 7.Bd3 Bb7 8.O-O Nbd7 9.
Rc1 c5 10.dxc5 Nxc5 11.cxd5 Nxd3 12.Qxd3 Nxd5 13.Bxe7 Qxe7 14.Nxd5 Bxd5 15.e4
Bb7 16.a3 Rfd8 17.Qe3 Qd7 18.Qf4 Qd6 19.e5 Qd7 20.h3 Rac8 21.Rxc8 Rxc8 22.Rc1
Rd8 23.Ng5 Bd5 24.Ne4 Bxe4 25.Qxe4 h6 26.Qc4 Qd2 27.Qc3 Qxc3 28.Rxc3 Rd1+ 29.
Kh2 Rd2 30.Rc8+ Kh7 31.b3 Ra2 32.a4 Rxf2 33.Rc7 Rb2 34.Rxa7 Rxb3 35.Rxf7 Rb4
36.Re7 Rxa4 37.Rxe6 b5 38.Rb6 Rb4 39.Kg3 Kg8 40.e6 Kf8 41.Rb7 g6 42.Rf7+ Kg8
43.Rb7 Re4 44.Rxb5 Rxe6 45.Rb7 Rf6 46.h4 Rf8 47.Ra7 Rf6 48.Ra8+ Kf7 49.Ra7+
Ke6 50.Ra6+ Ke5 51.Rxf6 Kxf6 52.Kf4 Ke6 53.g4 Kf6 54.g5+ Kg7 55.Ke5 hxg5 56.
hxg5 Kf7 57.Kd6 Kg7 58.Ke6 Kg8 59.Kf6 Kh7 60.Kf7 Kh8 1-0

[Event "Preferente Grupo II"]
[Site ""]
[Date "2011.03.19"]
[Round "7.71"]
[White "Sancho Cortes Miguel Angel"]
[Black "Buil Montanes Carlos"]
[Result "1-0"]
[WhiteElo "2092"]
[BlackElo "1903"]

1.e4 c5 2.Nf3 e6 3.d4 cxd4 4.c3 Nf6 5.e5 Nd5 6.cxd4 d6 7.Bd3 Nc6 8.a3 Bd7 9.
O-O Rc8 10.Nc3 Nxc3 11.bxc3 dxe5 12.dxe5 Qc7 13.Qe2 Be7 14.Rd1 Na5 15.Rb1 Bc6
16.Nd4 a6 17.f4 Bd5 18.f5 Bc5 19.Kh1 Nc6 20.fxe6 fxe6 21.Qh5+ Qf7 22.Qxf7+
Kxf7 23.Rxb7+ Ne7 24.Rf1+ Ke8 25.Rb1 Bxd4 26.cxd4 Nc6 27.Bxa6 Ra8 28.Bb7 Rb8
29.Bxc6+ 1-0

[Event "Preferente Grupo II"]
[Site ""]
[Date "2011.03.19"]
[Round "7.72"]
[White "Minguez Guinda Andres"]
[Black "Ruiperez Gumiel Ramon"]
[Result "1-0"]
[WhiteElo "1896"]
[BlackElo "1951"]

1.e4 c5 2.Nf3 d6 3.d4 cxd4 4.Nxd4 Nf6 5.Nc3 a6 6.a3 e5 7.Nb3 Be6 8.Bd3 Be7 9.
O-O Nbd7 10.Kh1 Nc5 11.Nxc5 dxc5 12.f4 exf4 13.Bxf4 c4 14.Be2 Qxd1 15.Raxd1
O-O 16.Bd6 Bxd6 17.Rxd6 Rfd8 18.Rfd1 Rxd6 19.Rxd6 b5 20.Bf3 Bd7 21.h3 Ra7 22.
e5 Ne8 23.Rb6 h6 24.Kg1 Kh7 25.Bd5 Bf5 26.Bb7 Nc7 27.Ne2 Be6 28.Nf4 Bd7 29.
Be4+ g6 30.Kf2 Kg7 31.h4 Kf8 32.h5 g5 33.Ne2 Kg7 34.Nd4 a5 35.Kf3 Ne6 36.Nf5+
Kg8 37.Rb8+ Nf8 38.Nxh6+ Kg7 39.Nf5+ Bxf5 40.Bxf5 b4 41.axb4 c3 42.bxa5 cxb2
43.Rxb2 Rxa5 44.Ke4 Ra4+ 45.Kd5 Ra5+ 46.Kd4 f6 47.exf6+ Kxf6 48.g4 Ne6+ 49.
Bxe6 Kxe6 50.c4 Kf6 51.Rb5 Ra1 52.Rf5+ Kg7 53.Rxg5+ Kh6 54.Rg6+ Kh7 55.Kd5
Ra5+ 56.c5 1-0

[Event "Division de Honor Titulo"]
[Site "Aragon"]
[Date "2011.03.26"]
[Round "8.1"]
[White "Adla Diego Gustavo"]
[Black "Del Rey Diego"]
[Result "1/2-1/2"]
[WhiteElo "2512"]
[BlackElo "2374"]

1.d4 Nf6 2.c4 e6 3.Nc3 Bb4 4.Qc2 d5 5.cxd5 exd5 6.Bg5 h6 7.Bh4 c5 8.dxc5 g5 9.
Bg3 Ne4 10.e3 Qa5 11.Bxb8 Rxb8 12.Ne2 O-O 13.a3 Bf5 14.Qc1 Nxc5 15.Nd4 1/2-1/2

[Event "Division de Honor Titulo"]
[Site "Aragon"]
[Date "2011.03.26"]
[Round "8.2"]
[White "Chueca Forcen Alberto"]
[Black "Glavina Rossi Pablo"]
[Result "0-1"]
[WhiteElo "2295"]
[BlackElo "2462"]

1.d4 Nf6 2.c4 e6 3.Nc3 c5 4.d5 exd5 5.cxd5 d6 6.e4 g6 7.f4 Bg7 8.Bb5+ Nfd7 9.
Nf3 a6 10.Bd3 b5 11.O-O O-O 12.Kh1 Nb6 13.f5 N8d7 14.Bg5 Bf6 15.Qd2 Bxg5 16.
Nxg5 Ne5 17.Bc2 b4 18.Ne2 Nbc4 19.Qc1 h6 20.Nh3 Kh7 21.Ng3 g5 22.f6 Rg8 23.Nh5
Rg6 24.Bd1 Nb6 25.Be2 Nbd7 26.Rf2 Nxf6 27.Nxf6+ Rxf6 28.Nxg5+ Kg7 29.Nf3 Qe7
30.h3 Bd7 31.Qe3 Ng6 32.Re1 a5 33.Bd3 Re8 34.Nd2 Rxf2 35.Qxf2 Ne5 36.Re3 Rg8
37.Nc4 Kf8 38.Qf4 Rg6 39.Nxa5 Rf6 40.Qg3 Nxd3 41.Rxd3 Qxe4 42.b3 Bf5 43.Re3
Qxd5 44.Nc4 Rg6 45.Qf2 Be6 46.Kh2 Qd4 47.Nd2 Rf6 48.Nf3 Bd5 49.Qe2 Bxf3 50.
Rxf3 Rxf3 51.Qxf3 d5 52.Qf5 c4 53.bxc4 dxc4 54.Qc8+ Kg7 55.Qb8 c3 56.Qc7 Qe4
57.Qg3+ Kh7 58.Qc7 Qf5 59.h4 h5 60.a4 c2 61.a5 b3 62.Qc3 Qf4+ 63.g3 Qf2+ 64.
Kh3 Qf1+ 0-1

[Event "Division de Honor Titulo"]
[Site "Aragon"]
[Date "2011.03.26"]
[Round "8.3"]
[White "Lopez Gracia Fernando"]
[Black "Melendez Fierro Juan Bautista"]
[Result "1-0"]
[WhiteElo "2319"]
[BlackElo "2224"]

1.e4 e5 2.Nf3 Nc6 3.Bb5 Nf6 4.O-O Nxe4 5.d4 Nd6 6.Bxc6 dxc6 7.dxe5 Nf5 8.Qxd8+
Kxd8 9.Nc3 Bd7 10.Bf4 h6 11.Rad1 Kc8 12.h3 Be7 13.g4 Nh4 14.Nxh4 Bxh4 15.Kg2
b6 16.Bg3 Bxg3 17.Kxg3 g5 18.Ne4 Be6 19.Nf6 a5 20.a4 b5 21.axb5 cxb5 22.h4
gxh4+ 23.Kxh4 a4 24.f4 Bc4 25.Rfe1 b4 26.Re4 Bb5 27.Rxb4 Bc6 28.Rd3 Rb8 29.
Rxb8+ Kxb8 30.Kh5 Bb5 31.Rd4 Kb7 32.f5 c5 33.Rd5 Kc6 34.Rd6+ Kc7 35.Nd5+ Kc8
36.Nc3 Be8 37.Kh4 Kc7 38.Nd5+ Kb7 39.Rd8 Kc6 40.Nf6 c4 41.c3 1-0

[Event "Division de Honor Titulo"]
[Site "Aragon"]
[Date "2011.03.26"]
[Round "8.4"]
[White "Hernando Garcia Antonio"]
[Black "Moreno Gracia Daniel"]
[Result "0-1"]
[WhiteElo "2215"]
[BlackElo "2277"]

1.c4 e6 2.Nf3 d5 3.cxd5 exd5 4.d4 c6 5.Nc3 Bf5 6.Qb3 Qb6 7.Bf4 Nf6 8.e3 Nbd7
9.h3 Qxb3 10.axb3 Bc2 11.Rc1 Bf5 12.Be2 Be7 13.O-O O-O 14.Ne5 Nxe5 15.Bxe5 Ne4
16.Nxe4 Bxe4 17.Rfd1 f6 18.Bg3 Kf7 19.h4 a5 20.f3 Bg6 21.Bd3 a4 22.bxa4 Rxa4
23.Bxg6+ Kxg6 24.Rd3 Rb4 25.b3 Ra8 26.Be1 Rb5 27.e4 Ra2 28.Rb1 c5 29.dxc5
Bxc5+ 30.Kf1 dxe4 31.fxe4 Ba7 32.Rg3+ Kh6 33.Rd1 Bb8 34.Bd2+ Rxd2 35.Rxd2 Bxg3
36.Rd3 Bxh4 37.Rh3 Rh5 0-1

[Event "Division de Honor Titulo"]
[Site "Aragon"]
[Date "2011.03.26"]
[Round "8.5"]
[White "Hefty Hilardo Jorge Walter"]
[Black "Baron Rodriguez Jesus"]
[Result "1-0"]
[WhiteElo "2314"]
[BlackElo "2447"]

1.d4 d5 2.c4 e6 3.Nc3 Nf6 4.Bg5 Nbd7 5.cxd5 exd5 6.e3 Be7 7.Bd3 O-O 8.Qc2 Re8
9.Nf3 c6 10.O-O Nf8 11.Ne5 N6d7 12.Bxe7 Qxe7 13.Nxd7 Bxd7 14.a3 Rad8 15.Rae1
Bc8 16.f4 h6 17.b4 a6 18.h3 Nd7 19.g4 a5 20.Qb1 axb4 21.axb4 Qh4 22.Rf3 Nf6
23.Kg2 b6 24.Re2 Bd7 25.Rg3 Ra8 26.Ra2 Rxa2+ 27.Qxa2 Bxg4 28.Qf2 h5 29.Be2 Ra8
30.hxg4 hxg4 31.b5 Ra3 32.Nd1 Ne4 33.Rxg4 Qxg4+ 34.Bxg4 Nxf2 35.Kxf2 cxb5 36.
Ke2 b4 37.Kd2 Kf8 38.Bf3 Ra2+ 39.Kd3 Ra5 40.Kc2 Ra1 41.Bxd5 f6 42.f5 Ke7 43.
Bb3 Kd6 44.e4 b5 45.Bf7 Ra3 46.Bd5 Rg3 47.Nb2 Rg2+ 48.Kc1 Rg1+ 49.Nd1 g5 50.
fxg6 f5 51.Bf7 fxe4 52.Kd2 b3 53.Bxb3 Rxg6 54.Nc3 Rg2+ 55.Ke1 Rb2 56.Nxe4+ Kc6
57.Nd2 b4 58.Kd1 Kb5 59.Kc1 1-0

[Event "Division de Honor Titulo"]
[Site "Aragon"]
[Date "2011.03.26"]
[Round "8.6"]
[White "Forcen Esteban Daniel"]
[Black "Garcia Monterde Francisco Jose"]
[Result "1-0"]
[WhiteElo "2378"]
[BlackElo "2020"]

1.e4 c6 2.d4 g6 3.Nc3 d5 4.Nf3 Bg7 5.h3 Nh6 6.Bf4 dxe4 7.Nxe4 Nf5 8.c3 Be6 9.
Bd3 Bd5 10.Ned2 Bxf3 11.Nxf3 Qa5 12.Qb3 b6 13.O-O O-O 14.Qc2 Nd7 15.Rfe1 e6
16.g4 Ne7 17.b4 Qd5 18.Be4 Qc4 19.Nd2 Qa6 20.Bd6 Rfe8 21.Bxe7 Rxe7 22.Bxc6 Rc8
23.b5 1-0

[Event "Division de Honor Titulo"]
[Site "Aragon"]
[Date "2011.03.26"]
[Round "8.7"]
[White "Castillo Sanjuan Alejandro"]
[Black "Baron Rodriguez Jorge"]
[Result "0-1"]
[WhiteElo "1967"]
[BlackElo "2272"]

1.e4 c5 2.Nc3 Nc6 3.f4 e6 4.Nf3 a6 5.a4 d5 6.d3 Nf6 7.e5 Nd7 8.g3 f6 9.Bh3 d4
10.Ne4 f5 11.Neg5 Nb6 12.Nh4 g6 13.g4 Be7 14.gxf5 Bxg5 15.fxg5 exf5 16.O-O O-O
17.Bf4 Nd5 18.Qd2 Ncb4 19.Nf3 Nxf4 20.Qxf4 Nxc2 21.Rac1 Nb4 22.Qd2 b6 23.Rc4
a5 24.Rxb4 axb4 25.b3 Be6 26.Rb1 b5 27.axb5 Ra3 28.Qc2 Bd5 29.Bg2 Qa8 30.Rf1
Ra1 31.Rxa1 Qxa1+ 32.Kf2 Qc3 33.Qe2 Qxb3 34.Kg3 Qa2 35.Nd2 f4+ 0-1

[Event "Division de Honor Titulo"]
[Site "Aragon"]
[Date "2011.03.26"]
[Round "8.8"]
[White "Castillo Sanjuan Daniel"]
[Black "Jimenez Fernandez Alejandro"]
[Result "1-0"]
[WhiteElo "1944"]
[BlackElo "1966"]

1.e4 c6 2.d4 d5 3.f3 e6 4.Be3 Qb6 5.b3 Nf6 6.e5 Nfd7 7.Bd3 Nxe5 8.Ne2 Nxd3+ 9.
Qxd3 Bd6 10.O-O O-O 11.c4 dxc4 12.bxc4 Qc7 13.g3 b6 14.Nbc3 Ba6 15.Ne4 Nd7 16.
Rfd1 Be7 17.Bf4 e5 18.dxe5 Nxe5 19.Qc3 f6 20.Nd4 Rfd8 21.Kg2 Qc8 22.Bxe5 fxe5
23.Nc2 Qe6 24.Ne3 Bc5 25.Nxc5 bxc5 26.Rac1 Rxd1 27.Rxd1 Rf8 28.a3 Qf7 29.Rf1
e4 30.fxe4 Qh5 31.Rxf8+ Kxf8 32.Qb2 Qe8 33.Kf3 Qh5+ 34.Kg2 Bc8 35.h4 Qe8 36.
Qf2+ Qf7 37.Nf5 Bxf5 38.Qxc5+ Kg8 39.exf5 Qd7 40.Qe5 Qd2+ 41.Kh3 Qd7 42.a4 g6
43.Kg4 Qd1+ 44.Kg5 Qd8+ 45.f6 Kf7 46.Qe7+ Qxe7 47.fxe7 Kxe7 48.Kh6 Ke6 49.g4
Ke5 50.Kxh7 Kf6 51.Kg8 Ke5 52.Kg7 Kd4 53.Kxg6 Kxc4 54.h5 Kb3 55.h6 c5 56.h7 c4
57.h8=Q c3 58.Qb8+ Kc2 59.Qxa7 1-0

[Event "Division de Honor Titulo"]
[Site "Aragon"]
[Date "2011.03.26"]
[Round "8.9"]
[White "Martinez Catalin Francisco Javier"]
[Black "Llorente Zaro Alfonso"]
[Result "1-0"]
[WhiteElo "2206"]
[BlackElo "2450"]

1.e4 b6 2.d4 Bb7 3.Bd3 e6 4.c4 Nf6 5.Nc3 Bb4 6.f3 Bxc3+ 7.bxc3 d6 8.Ne2 Nfd7
9.O-O Nc6 10.f4 Na5 11.Ng3 Qe7 12.Ba3 c5 13.e5 O-O 14.Qe2 f5 15.d5 dxe5 16.
fxe5 g6 17.Rae1 Rae8 18.Bc1 exd5 19.e6 Qg7 20.Bxf5 Nxc4 21.e7 Rf7 22.Bxd7
Rfxe7 23.Bxe8 Rxe2 24.Rxe2 Nd6 25.Re6 Ba6 26.Rff6 Bc8 27.Rxd6 Qe7 28.Bf7+ Kg7
29.Bxd5 Qe1+ 30.Rf1 1-0

[Event "Division de Honor Titulo"]
[Site "Aragon"]
[Date "2011.03.26"]
[Round "8.10"]
[White "Remiro Juste Fernando Jose"]
[Black "Valles Mata David"]
[Result "1-0"]
[WhiteElo "2271"]
[BlackElo "2152"]

1.d4 Nf6 2.Bg5 e6 3.e4 h6 4.Bxf6 Qxf6 5.Nc3 Bb4 6.Qd2 d5 7.e5 Qe7 8.a3 Bxc3 9.
Qxc3 O-O 10.f4 b6 11.Qe3 c5 12.c3 Ba6 13.Bxa6 Nxa6 14.Nf3 cxd4 15.cxd4 Rac8
16.O-O Nb8 17.Rac1 Qd7 18.f5 Rxc1 19.Qxc1 exf5 20.Nh4 Nc6 21.Nxf5 Ne7 22.Ne3
Rc8 23.Qd1 Qe6 24.h3 f6 25.Ng4 fxe5 26.dxe5 Nc6 27.Nf6+ Kh8 28.Qd3 gxf6 29.
Rxf6 Nxe5 30.Qf1 Qe7 31.Qf5 Rc1+ 32.Kh2 Re1 33.Rxh6+ Kg8 34.Qc8+ Kf7 35.Rh7+
Kf6 36.Qh8+ 1-0

[Event "Division de Honor Titulo"]
[Site "Aragon"]
[Date "2011.03.26"]
[Round "8.11"]
[White "Solano Lasierra Javier"]
[Black "Ramon Perez Jose Luis"]
[Result "0-1"]
[WhiteElo "2156"]
[BlackElo "2219"]

1.d4 Nf6 2.c4 e5 3.dxe5 Ne4 4.Nf3 Bb4+ 5.Nbd2 Nc6 6.a3 Bxd2+ 7.Nxd2 Nxd2 8.
Bxd2 Nxe5 9.Bc3 Qe7 10.e3 O-O 11.Be2 a5 12.Qd4 d6 13.c5 Qg5 14.f4 Qxg2 15.
O-O-O Qxe2 16.fxe5 dxc5 17.Qxc5 Bf5 18.Bd4 Ra6 19.Rd2 Qf3 20.Qxf8+ Kxf8 21.
Bc5+ Ke8 22.Rhd1 Ra8 0-1

[Event "Division de Honor Titulo"]
[Site "Aragon"]
[Date "2011.03.26"]
[Round "8.12"]
[White "Mimbela Lopez Miguel Angel"]
[Black "Escuer Sanchez Nestor"]
[Result "1/2-1/2"]
[WhiteElo "2168"]
[BlackElo "2107"]

1.d4 e6 2.c4 Nf6 3.Nc3 Bb4 4.Qc2 O-O 5.Bg5 h6 6.Bh4 d6 7.a3 Bxc3+ 8.Qxc3 Nbd7
9.Nf3 Re8 10.e3 b6 11.Bd3 Bb7 12.O-O-O Qc8 13.Qc2 d5 14.Bxf6 Nxf6 15.cxd5 exd5
16.Ne5 c5 17.Bf5 Qc7 18.g4 Bc8 19.Kb1 Bxf5 20.Qxf5 Qc8 21.Qf4 Qe6 22.Rhg1 Ne4
23.h4 cxd4 24.exd4 Qf6 25.Qxf6 gxf6 26.Nd3 1/2-1/2

[Event "Division de Honor Titulo"]
[Site "Aragon"]
[Date "2011.03.26"]
[Round "8.13"]
[White "Navarro Alonso Jorge Luis"]
[Black "Garza Marco Sergio"]
[Result "1-0"]
[WhiteElo "2157"]
[BlackElo "2436"]

1.e4 e6 2.d4 d5 3.Nc3 Bb4 4.e5 Ne7 5.f4 c5 6.Bd2 Nf5 7.Nf3 cxd4 8.Nb5 Bc5 9.b4
Bb6 10.Bd3 Bd7 11.g4 a6 12.gxf5 Bxb5 13.fxe6 fxe6 14.Ng5 Bxd3 15.cxd3 h5 16.
O-O Qd7 17.f5 exf5 18.e6 Qe7 19.Rxf5 Nc6 20.Rf7 Qd6 21.Bf4 Qxb4 22.Rb1 Qa3 23.
Rxb6 1-0

[Event "Division de Honor Titulo"]
[Site "Aragon"]
[Date "2011.03.26"]
[Round "8.14"]
[White "Fontana Sotomayour Luis Javier"]
[Black "Cerrajeria Ruiz Jesus Maria"]
[Result "0-1"]
[WhiteElo "2371"]
[BlackElo "2149"]

1.d4 Nf6 2.Nf3 g6 3.Nbd2 c5 4.dxc5 Qa5 5.a3 Qxc5 6.b4 Qb6 7.c4 a5 8.c5 Qc7 9.
Bb2 axb4 10.axb4 Rxa1 11.Qxa1 Bg7 12.e3 Nc6 13.Bc3 O-O 14.Be2 Ne8 15.b5 Nb4
16.Qb2 Nd5 17.Bxg7 Nxg7 18.Qd4 Nf6 19.Qe5 Qxe5 20.Nxe5 Ne6 21.Nd3 Nd5 22.Nb1
Rd8 23.Bf3 Ndc7 24.Nc3 d6 25.c6 bxc6 26.Bxc6 Bd7 27.Bxd7 Rxd7 28.Ke2 Na8 29.
Ra1 Nb6 30.Ra6 Rb7 31.Nb4 Nc7 32.Nc6 Nxa6 33.bxa6 Rc7 34.a7 Rxc6 35.Nd5 Rc2+
36.Kd3 Ra2 37.Nxb6 Rxa7 0-1

[Event "Division de Honor Titulo"]
[Site "Aragon"]
[Date "2011.03.26"]
[Round "8.15"]
[White "Montes Santos Lorenzo"]
[Black "Ramiro Ovejero Juan Luis"]
[Result "0-1"]
[WhiteElo "2044"]
[BlackElo "2365"]

1.Nf3 d5 2.g3 Nc6 3.Bg2 e5 4.O-O a5 5.c4 d4 6.d3 Nf6 7.e4 Be7 8.Nh4 Nd7 9.Nf5
Bf6 10.f4 Nc5 11.Rf2 O-O 12.g4 exf4 13.Bxf4 Be5 14.Bc1 Re8 15.Bf1 Ra6 16.Nd2
Ne6 17.Nf3 Bf4 18.Bxf4 Nxf4 19.Qd2 Ng6 20.h4 Bxf5 21.gxf5 Nxh4 22.Nxh4 Qxh4
23.Rh2 Qg3+ 24.Rg2 Qe3+ 25.Qxe3 dxe3 26.Re1 Nd4 27.Rg3 Rb6 28.b3 a4 29.bxa4
Ra8 30.Rexe3 Rxa4 31.e5 Nxf5 0-1

[Event "Division de Honor Titulo"]
[Site "Aragon"]
[Date "2011.03.26"]
[Round "8.16"]
[White "Maza Broto Pablo"]
[Black "Matamoros Villarreal Antonio"]
[Result "1-0"]
[WhiteElo "2075"]
[BlackElo "2021"]

1.Nf3 Nf6 2.c4 c5 3.g3 g6 4.b3 Bg7 5.Bb2 Nc6 6.Bg2 O-O 7.O-O d6 8.d4 cxd4 9.
Nxd4 Nxd4 10.Bxd4 Nd7 11.Bxg7 Kxg7 12.Qd4+ Kg8 13.Nc3 Ne5 14.Rfd1 Nc6 15.Qh4
Be6 16.c5 Qa5 17.Ne4 dxc5 18.Ng5 h5 19.Nxe6 fxe6 20.Bxc6 bxc6 21.Qxe7 Rae8 22.
Qg5 Qc3 23.Qxg6+ Qg7 24.Qxg7+ Kxg7 25.Rd6 c4 26.bxc4 Kf6 27.Rad1 Rc8 28.c5 h4
29.Kg2 Rg8 30.R1d4 hxg3 31.hxg3 Rg5 32.Rc4 Ke7 33.f4 Rxc5 34.Rxe6+ Kxe6 35.
Rxc5 Kd6 36.Rc2 Kd5 37.Kf3 a5 38.g4 c5 39.g5 c4 40.Rd2+ Kc5 41.f5 c3 42.Rc2
Kd4 43.Kf4 Rb8 44.g6 Rb2 45.Rxc3 1-0

[Event "Division de Honor Descenso"]
[Site "Aragon"]
[Date "2011.03.26"]
[Round "8.18"]
[White "Lamas Mercadal Manuel"]
[Black "Gavin Roche Enrique"]
[Result "0-1"]
[WhiteElo "2187"]
[BlackElo "2241"]

1.e4 e6 2.Nc3 d5 3.Nf3 d4 4.Ne2 c5 5.Ng3 Nc6 6.Bc4 Bd6 7.O-O Nge7 8.d3 Ng6 9.
Nh5 O-O 10.Bg5 Qc7 11.Qc1 Na5 12.e5 Nxc4 13.dxc4 Nxe5 14.Bf6 Nxf3+ 15.gxf3 Be5
16.Qg5 Bxf6 17.Nxf6+ Kh8 18.Rae1 Qd8 19.Ne4 Qxg5+ 20.Nxg5 b6 21.f4 Ba6 22.b3
g6 23.Ne4 Rad8 24.Rd1 Kg7 25.Rfe1 Bb7 26.f3 Rfe8 27.Kf2 e5 28.f5 Bxe4 29.fxe4
gxf5 30.Rg1+ Kf6 31.exf5 e4 32.Rg3 Re5 33.Rh3 Rxf5+ 34.Ke2 Rg8 35.Rf1 d3+ 0-1

[Event "Division de Honor Descenso"]
[Site "Aragon"]
[Date "2011.03.26"]
[Round "8.19"]
[White "Lopez Guaita Fernando"]
[Black "Llanes Luno Pedro Alfredo"]
[Result "0-1"]
[WhiteElo "2032"]
[BlackElo "2174"]

1.e4 c5 2.Nf3 d6 3.Bb5+ Nd7 4.O-O a6 5.Bxd7+ Qxd7 6.d4 cxd4 7.Qxd4 e5 8.Qb6
Qc6 9.Qxc6+ bxc6 10.Nbd2 Nf6 11.Re1 Be6 12.b3 Be7 13.Ba3 Nd7 14.Rad1 f6 15.Nf1
d5 16.Bxe7 Kxe7 17.N3d2 Nb6 18.Ne3 Rhd8 19.c4 dxc4 20.Ndxc4 Nxc4 21.bxc4 Rd4
22.Rxd4 exd4 23.Nf5+ Bxf5 24.exf5+ Kd6 25.Re6+ Kc5 26.g4 Rd8 27.Kf1 Rd6 28.f4
Rd7 29.g5 fxg5 30.fxg5 Rd6 31.f6 gxf6 32.Rxf6 Rxf6+ 33.gxf6 Kd6 34.c5+ Ke6 35.
f7 Kxf7 36.Ke2 Ke6 0-1

[Event "Division de Honor Descenso"]
[Site "Aragon"]
[Date "2011.03.26"]
[Round "8.20"]
[White "Roche Simon Miguel Angel"]
[Black "Velamazan Gomez Angel"]
[Result "1-0"]
[WhiteElo "2141"]
[BlackElo "1966"]

1.e4 d6 2.d4 Nf6 3.Nc3 g6 4.Be3 c6 5.Qd2 b5 6.Bd3 Bb7 7.Nf3 Qc7 8.e5 b4 9.Nb5
cxb5 10.exf6 a6 11.fxe7 Qxe7 12.O-O-O Qe6 13.Kb1 Be7 14.Rhe1 O-O 15.Bh6 Qd7
16.Bxf8 Bxf8 17.Qxb4 Bxf3 18.gxf3 Nc6 19.Qd2 Rc8 20.c3 Rb8 21.h4 d5 22.h5 b4
23.c4 b3 24.a3 Nb4 25.c5 Qa4 26.hxg6 Nc2 27.gxf7+ Kh8 28.Rh1 1-0

[Event "Division de Honor Descenso"]
[Site "Aragon"]
[Date "2011.03.26"]
[Round "8.21"]
[White "Gimenez Martinez Alberto"]
[Black "Gracia Campo Carlos Alberto"]
[Result "1-0"]
[WhiteElo "2132"]
[BlackElo "2073"]

1.e4 d6 2.d4 Nf6 3.Nc3 g6 4.Be3 Bg7 5.f3 Nbd7 6.Qd2 c5 7.O-O-O cxd4 8.Bxd4 O-O
9.Bc4 a6 10.Bb3 b5 11.g4 Bb7 12.g5 Nh5 13.Bxg7 Nxg7 14.Nge2 Nc5 15.h4 Qa5 16.
Kb1 Nxb3 17.axb3 Rfd8 18.Nf4 d5 19.Ncxd5 Qxd2 20.Rxd2 Kf8 21.Rhd1 e5 22.Ng2
Ne6 23.c3 Rac8 24.Nge3 Nc5 25.Kc2 a5 26.Nf6 Rxd2+ 27.Rxd2 Kg7 28.Neg4 Ne6 29.
Nxe5 h6 30.Rd7 Rc7 31.Ne8+ 1-0

[Event "Division de Honor Descenso"]
[Site "Aragon"]
[Date "2011.03.26"]
[Round "8.22"]
[White "Bailo Remacha Santiago"]
[Black "Quintin Navarro Alberto"]
[Result "0-1"]
[WhiteElo "2044"]
[BlackElo "2121"]

1.c4 e5 2.b3 Nc6 3.Bb2 Nf6 4.g3 d5 5.Bg2 d4 6.d3 Be7 7.Nd2 O-O 8.Ngf3 h6 9.O-O
Be6 10.a3 a5 11.Qc2 Nd7 12.e3 Nc5 13.exd4 exd4 14.Rad1 Qd7 15.Ne4 Na6 16.Rfe1
Rad8 17.Re2 Bg4 18.Rde1 f5 19.Ned2 f4 20.Re4 Nc5 21.Ne5 Nxe5 22.Rxe5 Bd6 23.
Rd5 Rde8 24.Rxe8 Rxe8 25.Rxd4 Re1+ 26.Nf1 f3 27.Qc3 fxg2 28.Qxe1 gxf1=Q+ 29.
Kxf1 Nxb3 30.Re4 Nc5 31.Re3 Qc6 32.Kg1 Bh3 33.f3 Ne6 34.Rxe6 Qb6+ 35.Kh1 Qxb2
36.Re2 Qxa3 37.Re8+ Bf8 38.Qb1 a4 39.g4 Qb3 40.Re1 h5 41.Qxb3 axb3 42.Rb1 hxg4
43.fxg4 Bxg4 44.Rxb3 Bc5 45.Kg2 b6 46.Rb1 Be2 47.Rb3 Kf7 48.Kg3 g5 49.h3 Kg6
50.h4 g4 51.Rc3 Kh5 52.Rb3 Bf3 53.Rb5 Bc6 54.Rb1 Bd6+ 55.Kf2 g3+ 56.Kg1 Bc5+
0-1

[Event "Division de Honor Descenso"]
[Site "Aragon"]
[Date "2011.03.26"]
[Round "8.23"]
[White "Labena Bernal Antonio"]
[Black "Galve Guinea Alejandro"]
[Result "0-1"]
[WhiteElo "2073"]
[BlackElo "2031"]

1.e4 Nf6 2.e5 Nd5 3.c4 Nb6 4.c5 Nd5 5.Nc3 e6 6.d4 b6 7.Nxd5 exd5 8.cxb6 axb6
9.Bd3 Ba6 10.Nf3 Bb4+ 11.Ke2 Qc8 12.Qb3 Bxd3+ 13.Kxd3 Qa6+ 14.Ke3 Nc6 15.Qxd5
O-O-O 16.Bd2 Be7 17.Rhc1 f6 18.e6 Bd6 19.Qc4 Qxc4 20.Rxc4 Rhe8 21.d5 Ne7 22.
exd7+ Rxd7 23.Nd4 Bc5 24.Kf3 Nxd5 25.b4 Nxb4 26.Bxb4 Rxd4 27.Rxd4 Bxd4 28.Rc1
c5 29.Bd2 Kd7 30.Rb1 Kc6 31.Be3 Bxe3 32.fxe3 Rd8 33.a4 Rd2 34.Ra1 c4 35.a5 b5
36.a6 Rd8 37.Ke4 Ra8 38.Kf5 Kb6 39.Ke6 Rxa6 40.Rb1 Kc5+ 41.Kf7 Ra7+ 0-1

[Event "Division de Honor Descenso"]
[Site "Aragon"]
[Date "2011.03.26"]
[Round "8.24"]
[White "Requena Munguira Jorge"]
[Black "Arregui Unotria Carlos"]
[Result "0-1"]
[WhiteElo "1983"]
[BlackElo "2038"]

1.d4 Nf6 2.c4 e6 3.Nc3 d5 4.Bg5 c6 5.e3 Nbd7 6.Nf3 Bd6 7.cxd5 exd5 8.Bd3 O-O
9.O-O Re8 10.Rb1 Qe7 11.a3 h6 12.Bh4 g5 13.Bg3 Bxg3 14.hxg3 Ne4 15.Bxe4 dxe4
16.Nh2 Nf6 17.b4 Be6 18.Qc2 Bc4 19.Rfd1 b5 20.Rbc1 Qe6 21.Qb2 Nd5 22.Nf1 h5
23.Nd2 Nxc3 24.Qxc3 Bd5 25.Nf1 h4 26.Ra1 Kg7 27.gxh4 gxh4 28.Nh2 Rg8 29.Kh1 f5
30.Qd2 Qh6 31.a4 Kf7 32.axb5 f4 33.Rg1 Rg3 34.exf4 e3 35.Qe2 exf2 36.Qxf2 Qg7
37.Rac1 h3 38.Rc2 hxg2+ 39.Rxg2 Rxg2 0-1

[Event "Division de Honor Descenso"]
[Site "Aragon"]
[Date "2011.03.26"]
[Round "8.25"]
[White "Villuendas Valero Adrian"]
[Black "Gil Capape MA"]
[Result "1-0"]
[WhiteElo "2266"]
[BlackElo "2061"]

1.d4 f5 2.Bg5 c6 3.Nc3 d5 4.e3 Nd7 5.Bd3 Ndf6 6.f3 Qb6 7.Rb1 e6 8.Nge2 Bd7 9.
e4 c5 10.dxc5 Bxc5 11.e5 h6 12.Bd2 Nh7 13.Nf4 Bf2+ 14.Kf1 Ne7 15.Qe2 Bd4 16.
Nb5 O-O 17.a4 Nc6 18.Ng6 Rfb8 19.a5 Qd8 20.Nxd4 Nxd4 21.Qf2 Nc6 22.b4 Be8 23.
Qg3 Ng5 24.h4 Bxg6 25.hxg5 h5 26.Qe1 b6 27.a6 b5 28.g4 hxg4 29.fxg4 Qc7 30.Kg2
Rf8 31.Bf4 fxg4 32.Bxg6 Rxf4 33.Qh4 Kf8 34.Qh8+ Ke7 35.Qxg7+ 1-0

[Event "Division de Honor Descenso"]
[Site "Aragon"]
[Date "2011.03.26"]
[Round "8.26"]
[White "Alonso Fernandez Revuelta Rodri"]
[Black "Valiente Roy Jose Javier"]
[Result "1/2-1/2"]
[WhiteElo "2037"]
[BlackElo "2092"]

1.e4 c6 2.d3 d5 3.Nd2 e5 4.Ngf3 Bd6 5.d4 exd4 6.Nxd4 Nf6 7.exd5 Nxd5 8.Ne4 O-O
9.Nxd6 Qxd6 10.Be2 Nf4 11.Bxf4 Qxf4 12.O-O Rd8 13.Ne6 Rxd1 14.Nxf4 Rxa1 15.
Rxa1 Kf8 16.Rd1 Ke7 17.Rd3 Nd7 18.Re3+ Kf8 1/2-1/2